Statistics for RuPaul's Drag Race - The Queens Eliminated First

Click here to take the quiz!

General Stats

  • This quiz has been taken 243 times
    (183 since last reset)
  • The average score is 16 of 19

Answer Stats

SeasonQueen First Eliminated% Correct
1Victoria "Porkchop" Parker
96%
6 (joint last)Kelly Mantle
89%
10Vanessa Vanjie Mateo
87%
2Shangela
86%
12Dahlia Sin
85%
All-Stars 4Jasmine Masters
84%
9Jaymes Mansfield
83%
11Soju
83%
All-Stars 2Coco Montrese
82%
All-Stars 5Derrick Barry
82%
6 (joint last)Magnolia Crawford
82%
All-Stars 1 (team)Pandora Boxx
81%
5Penny Tration
81%
3Venus D-Lite
81%
7Tempest DuJour
80%
All-Stars 1 (team)Mimi Imfurst
79%
All-Stars 3Morgan McMichaels
77%
8Naysha Lopez
77%
4Alisa Summers
75%

Score Distribution

Percentile by Number Answered

Percent of People with Each Score

Your Score History

You have not taken this quiz since the last reset